| 000 | 00363 a2200169 4500 | ||
|---|---|---|---|
| 001 | 188680 | ||
| 020 | _a978-85-02-08394-3 | ||
| 040 | _cMagnum | ||
| 100 | _aM Artinelli, Tânia Alexandre | ||
| 240 | 1 | 0 |
_aPerseguição _lpor |
| 245 | 1 | 0 | _aPerseguição |
| 300 | _a104 | ||
| 362 | 0 | _a2010 | |
| 440 | 1 | _aSaraiva | |
| 697 | _aLITERATURA JUVENIL | ||
| 942 | _cBK | ||
| 999 |
_c188680 _d188680 |
||